|
|
|
|
| LEADER |
00000naa2a2200000 4500 |
| 001 |
619060 |
| 005 |
20240115134611.0 |
| 035 |
|
|
|a (RuTPU)RU\TPU\conf\17464
|
| 035 |
|
|
|a RU\TPU\conf\17463
|
| 090 |
|
|
|a 619060
|
| 100 |
|
|
|a 20160803d2016 k y0rusy50 ca
|
| 101 |
0 |
|
|a rus
|
| 102 |
|
|
|a RU
|
| 105 |
|
|
|a y z 101zy
|
| 135 |
|
|
|a drcn ---uucaa
|
| 181 |
|
0 |
|a i
|
| 182 |
|
0 |
|a b
|
| 200 |
1 |
|
|a Влияние методов измельчения структуры на распределение по размерам и энергию внутренних границ раздела стали 12ГБА
|d An influence of grain refinement method on grain size and internal inerface energy distributions of steel 12GBA
|f Д. А. Шумакова, П. В. Кузнецов, Т. В. Рахматулина
|
| 203 |
|
|
|a Текст
|c электронный
|
| 225 |
1 |
|
|a Проблемы прочности, пластичности и усталостной долговечности современных конструкционных материалов
|
| 300 |
|
|
|a Заглавие с титульного экрана
|
| 320 |
|
|
|a [Библиогр.: с. 35-36 (5 назв.)]
|
| 330 |
|
|
|a Grain-subgrain structure sizes and internal interface energy of steel 12 GBA were estimated in three structural states: coarse grained, after multi-axes isothermal forging and warm rolling using scanning tunnel microscopy. Cumulative distribution function of grain boundary energy showed a shift to low energies after multi-axes forging and warm rolling. An energy shift could be explained by low-angle boundary share increase and impurity redistribution.
|
| 463 |
|
0 |
|0 (RuTPU)RU\TPU\conf\17108
|t Материалы и технологии новых поколений в современном материаловедении
|o сборник трудов Международной конференции, г. Томск, 9-11 июня 2016 г.
|f Национальный исследовательский Томский политехнический университет (ТПУ) ; Российская академия наук (РАН), Сибирское отделение (СО), Институт физики прочности и материаловедения (ИФПМ)
|v [С. 31-36]
|d 2016
|
| 510 |
1 |
|
|a An influence of grain refinement method on grain size and internal inerface energy distributions of steel 12GBA
|z eng
|
| 610 |
1 |
|
|a труды учёных ТПУ
|
| 610 |
1 |
|
|a электронный ресурс
|
| 610 |
1 |
|
|a измельчение
|
| 610 |
1 |
|
|a структуры
|
| 610 |
1 |
|
|a размеры
|
| 610 |
1 |
|
|a энергия
|
| 610 |
1 |
|
|a внутренние границы
|
| 610 |
1 |
|
|a стали
|
| 610 |
1 |
|
|a сканирующая туннельная микроскопия
|
| 700 |
|
1 |
|a Шумакова
|b Д. А.
|
| 701 |
|
1 |
|a Кузнецов
|b П. В.
|c физик
|c доцент Томского политехнического университета, кандидат физико-математических наук
|f 1952-
|g Павел Викторович
|3 (RuTPU)RU\TPU\pers\34497
|9 17880
|
| 701 |
|
1 |
|a Рахматулина
|b Т. В.
|
| 712 |
0 |
2 |
|a Национальный исследовательский Томский политехнический университет (ТПУ)
|b Физико-технический институт (ФТИ)
|b Кафедра общей физики (ОФ)
|3 (RuTPU)RU\TPU\col\18734
|
| 801 |
|
2 |
|a RU
|b 63413507
|c 20160826
|g RCR
|
| 856 |
4 |
|
|u http://earchive.tpu.ru/handle/11683/31040
|
| 942 |
|
|
|c BK
|